000 00533nam a2200193Ia 4500
005 20260114185736.0
008 008 260114s9999 xx 000 0 eng d
020 _a9781501379321
037 _aEBOOK
040 _aCRL
_beng
_cCRL
041 _aeng
_2eng
084 _qCRL
100 _aMark V. Campbell
_9873835
245 0 _aAfrosonic Life
260 _bBloomsbury
_c2022
856 _uhttps://doi.org/10.5040/9781501379321?locatt=label:secondary_bloomsburyCollections
942 _cEBOOK
999 _c1472775
_d1472775